004860000a2200145000450024501320000065000150013265000190014765000160016665100110018265300380019365300420023104100140027310000240028777300290031110aInvasión d' une communauté a le stade initial d' une succession secondaire par une espece parthénogénetique de scorpion14aEcología14aBiogeografía14aEscorpiones 4pBrasil fButhidaegTituseTitus serrulatus fButhidaegTityuseTityus fasciolatus 0 aFrancés1 aLourenco, Wilson R.1 tPreprint33q1-20d1990?